00336nam a2200121Ia 4500008004100000245007300041260001700114260000900131300000900140650002300149650001200172856003000184170516s9999 xx 000 0 und d aMicroRNAs -the Next Generation Therapeutic Targets in Human Diseases bTheranostics c2013 a3:12 xMedical Technology xMedtech uhttp://www.thno.org/v3i12